Most Famous Literature from Each Year - Statistics

General Stats
  • This quiz has been taken 27 times
  • The average score is 47 of 225
Answer Stats
Year Author Book % Correct
1813 Jane Austen Pride and Prejudice
81%
1949 George Orwell 1984
71%
1865 Lewis Carroll Alice's Adventures in Wonderland
71%
1815 Jane Austen Emma
71%
1847 Charlotte Bronte Jane Eyre
71%
1851 Herman Melville Moby Dick
71%
1811 Jane Austen Sense and Sensibility
71%
1922 James Joyce Ulysses
71%
1866 Fyodor Dostoyevsky Crime and Punishment
67%
1897 Bram Stoker Dracula
67%
1818 Mary Shelley Frankenstein
67%
1862 Victor Hugo Les Miserables
67%
1926 Adolf Hitler Mein Kampf
67%
1869 Leo Tolstoy War and Peace
67%
1925 F. Scott Fitzgerald The Great Gatsby
62%
1932 Aldous Huxley Brave New World
57%
1861 Charles Dickens Great Expectations
57%
1868 Louisa May Alcott Little Women
57%
1915 Franz Kafka The Metamorphosis
57%
1845 Edgar Allan Poe The Raven
57%
1945 George Orwell Animal Farm
52%
1955 Vladimir Nabokov Lolita
52%
1838 Charles Dickens Oliver Twist
52%
2008 Suzanne Collins The Hunger Games
52%
1960 Harper Lee To Kill A Mockingbird
52%
1883 Robert Louis Stevenson Treasure Island
52%
1852 Harriet Beecher Stowe Uncle Tom's Cabin
52%
1878 Leo Tolstoy Anna Karenina
48%
1951 JD Salinger Catcher in the Rye
48%
1999 J. K. Rowling Harry Potter and the Prisoner of Azkaban
48%
1912 George Bernard Shaw Pygmalion
48%
1939 John Steinbeck The Grapes of Wrath
48%
1905 Upton Sinclair The Jungle
48%
1894 Rudyard Kipling The Jungle Book
48%
1943 Antione de Saint-Exupery The Little Prince
48%
1844 Alexandre Dumas The Three Musketeers
48%
1859 Charles Dickens A Tale of Two Cities
43%
1998 J. K. Rowling Harry Potter and the Chamber of Secrets
43%
2000 J. K. Rowling Harry Potter and the Goblet of Fire
43%
1899 Joseph Conrad Heart of Darkness
43%
1901 Beatrix Potter Peter Rabbit
43%
1957 Dr. Suess The Cat in the Hat
43%
1848 Karl Marx, Friedrich Engels The Communist Manifesto
43%
2012 John Green The Fault in our Stars
43%
1826 James Fenimore Cooper The Last of the Mohicans
43%
1927 Virginia Woolf To the Lighthouse
43%
1870 Jules Verne 20,000 Leagues Under the Sea
38%
1849 Charles Dickens David Copperfield
38%
1808 Johann Wolfgang van Goethe Faust
38%
2005 J. K. Rowling Harry Potter and the Half-Blood Prince
38%
1857 Gustave Flaubert Madame Bovary
38%
1814 Jane Austen Mansfield Park
38%
1988 Roald Dahl Matilda
38%
1934 Agatha Christie Murder on the Orient Express
38%
1903 Jack London The Call of the Wild
38%
1831 Victor Hugo The Hunchback of Notre Dame
38%
1942 Albert Camus The Stranger
38%
1872 Jules Verne Around the World in 80 Days
33%
1987 Toni Morrison Beloved
33%
2002 Neil Gaiman Coraline
33%
2011 Veronica Roth Divergent
33%
1935 Laura Ingalls Wilder Little House on the Prairie
33%
2010 Suzanne Collins Mockingjay
33%
2006 Stephenie Meyer New Moon
33%
1817 Jane Austen Persuasion
33%
1969 Kurt Vonnegut Slaughterhouse Five
33%
1956 C. S. Lewis The Chronicles of Narnia, The Last Battle
33%
2004 Dan Brown The Da Vinci Code
33%
2013 Donna Tartt The Goldfinch
33%
1890 Oscar Wilde The Picture of Dorian Gray
33%
1977 Stephen King The Shining
33%
1947 Tennessee Williams A Streetcar Named Desire
29%
2009 Suzanne Collins Catching Fire
29%
1996 George R. R. Martin Game of Thrones
29%
1990 Michael Crichton Jurassic Park
29%
1982 Alice Walker The Color Purple
29%
1906 Jack London White Fang
29%
1879 Henrik Ibsen A Doll's House
24%
1908 Lucy Maud Montgomery Anne of Green Gables
24%
1962 Madeline L'Engle A Wrinkle in Time
24%
1965 Frank Herbert Dune
24%
1820 Sir Walter Scott Ivanhoe
24%
1801 Samuel Coleridge, William wordsworth Lyrical Ballads
24%
1871 George Eliot Middlemarch
24%
1938 Thornton Wilder Our Town
24%
1904 Anton Chekhov The Cherry Orchard
24%
1953 Arthur Miller The Crucible
24%
1843 Edgar Allan Poe The Tell-Tale Heart
24%
1963 Maurice Sendak Where the Wild Things Are
24%
1884 Mark Twain Adventures of Huckleberry Finn
19%
1929 Ernest Hemingway A Farewell to Arms
19%
1928 Erich Maria Remarque All Quiet on the Western Front
19%
1981 Andrew Lloyd Weber Cats
19%
1952 Ralph Ellison Invisible Man
19%
1950 Isaac Asimov I, Robot
19%
2003 Khaled Hosseini Kite Runner
19%
1855 Walt Whitman Leaves of Grass
19%
1854 Lord Alfred Tennyson The Charge of the Light Brigade
19%
1993 Lois Lowry The Giver
19%
1958 Chinua Achebe Things Fall Apart
19%
1876 Mark Twain Adventures of Tom Sawyer
14%
1970 Judy Blume Are You There God? It's Me, Margaret
14%
1887 Arthur Conan Doyle A Study in Scarlet
14%
2018 Michelle Obama Becoming
14%
1940 Ernest Hemingway For Whom the Bell Tolls
14%
1913 Marcel Proust In Search of Lost Time
14%
2023 Colleen Hoover It Ends with Us
14%
2001 Yann Martel Life of Pi
14%
1918 Willa Cather My Antonia
14%
1991 Diana Gabaldon Outlander
14%
1895 Stephen Crane Red Badge of Courage
14%
1937 Zora Neale Hurston Their Eyes Were Watching God
14%
1948 Shirley Jackson The Lottery
14%
2015 Kristin Hannah The Nightingale
14%
1967 S. E. Hinton The Outsiders
14%
1985 Chris Van Allsburg The Polar Express
14%
1898 Henry James The Turn of the Screw
14%
1853 Charlotte Bronte Villette
14%
1972 Richard Adams Watership Down
14%
2017 R. J. Palacio Wonder
14%
1936 William Faulkner Absalom, Absalom!
10%
1946 Robert Warren All the King's Men
10%
1959 Lorraine Hansberry A Raisin in the Sun
10%
1891 Herman Melville Billy Budd
10%
1966 Daniel Keyes Flowers for Algernon
10%
2016 J. K. Rowling Harry Potter and the Cursed Child
10%
1992 Toni Morrison Jazz
10%
1900 Joseph Conrad Lord Jim
10%
1954 William Golding Lord of the Rings
10%
1989 Lois Lowry Number the Stars
10%
1819 Washington Irving Rip Van Winkle
10%
1839 Edgar Allan Poe The Fall of the House of Usher
10%
1944 Tennessee Williams The Glass Menagerie
10%
1931 Pearl Buck The Good Earth
10%
1924 Thomas Mann The Magic Mountain
10%
2020 Matt Haig The Midnight Library
10%
1881 Henry James The Portrait of a Lady
10%
1850 Nathaniel Hawthorne The Scarlett Letter
10%
2024 Hannah Kristin The Women
10%
1968 Arthur Hailey Airport
5%
1873 Thomas Hardy A Pair of Blue Eyes
5%
1983 Stephen King Christine
5%
1837 Hans Christian Andersen Emporers New Clothes
5%
1812 Brothers Grimm Hansel and Gretel
5%
1986 Gary Paulsen Hatchet
5%
1920 Sinclair Lewis Main Street
5%
1984 William Gibson Neuromancer
5%
1802 Francois-Rene de Chateaubriand Rene
5%
1979 William Styron Sophie's Choice
5%
1889 Anton Chekhov The Bet
5%
2014 Bessel van der Kolk The Body Keeps the Score
5%
2022 Freida McFadden The Housemaid
5%
1833 Lord Alfred Tennyson The Lady of Shalott
5%
1971 Dr. Suess The Lorax
5%
1930 Samuel Hammett The Maltese Falcon
5%
1860 Nathaniel Hawthorne The Marble Faun
5%
1841 Edgar Allan Poe The Murders in the Rue Morgue
5%
1916 Robert Frost The Road Not Taken
5%
1896 Anton Chekhov The Seagull
5%
1975 Natalie Babbitt Tuck Everlasting
5%
1961 Wilson Rawls Where The Red Fern Grows
5%
1995 Gregory Maguire Wicked
5%
1825 James Sheridan Knowles William Tell
5%
1806 Charlotte Darce Zofloya
5%
1964 Irene Hunt Across Five Aprils
0%
1822 John Gibson Lockhart Adam Blair
0%
1816 Benjamin Constant Adolphe
0%
1821 Percy Bysshe Shelley Adonais
0%
1800 Horatio Smith A Family Story
0%
1864 Jules Verne A Journey to the Center of the Earth
0%
1923 Aldous Huxley Antic Hay
0%
1856 Harriet Beecher Stowe A Tale of the Great Dismal Swamp
0%
1885 Lewis Carroll A Tangled Tale
0%
1973 Kurt Vonnegut Breakfast of Champions
0%
1882 George Bernard Shaw Cashel Byron's Profession
0%
1867 Thomas William Robertson Caste
0%
1874 Ambrose Bierce Cobwebs from an Empty Skull
0%
1941 H. A. Rey Curious George
0%
1842 Ralph Waldo Emerson The Transcendentalist
0%
1832 Alexander Pushkin Dubrovsky
0%
1933 Laura Ingalls Wilder Farmer Boy (Little House)
0%
1910 Hermand Hesse Gertrud
0%
1976 Brian Garfield Gundown
0%
1840 William Harrison Ainsworth Guy Fawkes
0%
2007 J. K. Rowling Harry Potter and the Dealthly Hallows.
0%
1997 J. K. Rowling Harry Potter and the Philisopher's Stone
0%
1877 Jules Verne Hector Cervadac
0%
1809 Richard Cumberland John De Lancaster
0%
1828 Susanna Rowson Lucy Temple
0%
2021 Dav Pilkey Mothering Heights
0%
1858 Elizabeth Gaskell My Lady Ludlow
0%
1994 Janet Evanovich One for the Money
0%
1830 Edward Bulwer-Lytton Paul Clifford
0%
1846 Fyodor Dostoyevsky Poor Folk
0%
1875 William Harrison Ainsworth Preston Fight
0%
1893 Oscar Wilde Salome
0%
1921 Luigi Pirandello Six Characters In Search of an Author
0%
1917 Edith Wharton Summer
0%
1829 Edgar Allan Poe Tamerlane
0%
1803 Jane Porter Thaddeus of Warsaw
0%
1880 Fyodor Dostoyevsky The Brothers Karamazovt
0%
1836 Alexander Pushkin The Captain's Daughters
0%
1974 Robert Cormier The Chocolate War
0%
1863 Leo Tolstoy The Cossacks
0%
1914 James Joyce The Dead
0%
1886 Leo Tolstoy The Death of Ivan Ilyich
0%
1824 Washington Irving The Devil and Tom Walker
0%
1907 Arthur Machen The Hill of Dreams
0%
1807 Anna Maria Porter The Hungarian Brothers
0%
1804 Francis Holt The Land We Live In
0%
1834 Edward Bulwer-Lytton The Last Days of Pompeii
0%
1919 Lyman Frank Baum The Magic of Oz
0%
1805 Jan Potocki The Manuscript Found in Sargossa
0%
1902 W. W. Jacobs The Monkey's Paw
0%
1823 James Fenimore Cooper The Pioneers
0%
1835 Hans Christian Andersen The Princess and the Pea
0%
1827 James Fenimore Cooper The Red Rover
0%
1980 Douglas Adams The Resteraunt at the End of the Universe
0%
1909 Lyman Frank Baum The Road to Oz
0%
1810 Jane Porter The Scottish Chefs
0%
1911 Frances Hodgson Burnett The Secret Gardes
0%
2019 Alex Michaelides The Silent Patient
0%
1978 Stephen King The Stand
0%
1888 Thomas Hardy Wessex Tales
0%
1892 Mary Freeman Young Lucretia
0%
No matching quizzes found
Score Distribution
Percent of People with Each Score
Percentile by Number Answered
Your Score History
You have not taken this quiz